[Event "FIDE World Rapid-ch Open 2018"]
[White "Jobava, Baadur"]
[Black "Yuffa, Daniil"]
[Site "St. Petersburg"]
[Round "14.25"]
[Annotator "ChessBase"]
[Result "1-0"]
[Date "2018.12.28"]
[WhiteElo "2627"]
[BlackElo "2572"]
[PlyCount "79"]
[TimeControl "900+10"]

1. d4 {[%emt 0:0:0]} Nf6 {[%emt 0:0:0]} 2. c4 {[%emt 0:0:0]} g6 {[%emt 0:0:0]} 3. Nc3 {[%emt 0:0:0]} Bg7 {[%emt 0:0:0]} 4. e4 {[%emt 0:0:4]} d6 {[%emt 0:0:0]} 5. Be2 {[%emt 0:0:6]} 0-0 {[%emt 0:0:27]} 6. h4 {[%emt 0:0:0]} c5 {[%emt 0:0:9]} 7. d5 {[%emt 0:0:4]} b5 {[%emt 0:0:12]} 8. cxb5 {[%emt 0:0:4]} a6 {[%emt 0:0:1]} 9. bxa6 {[%emt 0:0:23]} Bxa6 {[%emt 0:0:0]} 10. h5 {[%emt 0:0:5]} Bxe2 {[%emt 0:1:14]} 11. Ngxe2 {[%emt 0:0:3]} Nxh5 {[%emt 0:0:40]} 12. f3 {[%emt 0:0:6]} Nd7 {[%emt 0:0:48]} 13. Kf2 {[%emt 0:0:26]
} Rb8 {[%emt 0:1:35]} 14. Rb1 {[%emt 0:0:3]} c4 {[%emt 0:0:0]} 15. g4 {[%emt 0:0:13]} Nhf6 {[%emt 0:0:2]} 16. Kg2 {[%emt 0:0:18]} Ne5 {[%emt 0:0:17]} 17. Bh6 {[%emt 0:0:20]} Qd7 {[%emt 0:0:44]} 18. Bxg7 {[%emt 0:0:34]
} Kxg7 {[%emt 0:0:1]} 19. Ng3 {[%emt 0:0:26]} h6 {[%emt 0:0:0]} 20. Qd2 {[%emt 0:0:16]} Rh8 {[%emt 0:0:3]} 21. Nce2 {[%emt 0:2:15]} Qa7 {[%emt 0:0:14]} 22. b4 {[%emt 0:1:17]} Nd3 {[%emt 0:0:29]} 23. Rhf1 {[%emt 0:0:3]
} Qa3 {[%emt 0:0:29]} 24. b5 {[%emt 0:0:11]} Ra8 {[%emt 0:0:0]} 25. Nc3 {[%emt 0:0:58]} h5 {[%emt 0:0:2]} 26. g5 {[%emt 0:0:9]} Nd7 {[%emt 0:0:5]
} 27. Nge2 {[%emt 0:0:5]} N7e5 {[%emt 0:1:14]} 28. Nd4 {[%emt 0:0:48]
} Nf4+ {[%emt 0:0:43]} 29. Kh2 {[%emt 0:0:17]} Ned3 {[%emt 0:0:0]} 30. Nc6 {[%emt 0:0:42]} Rhb8 {[%emt 0:1:20]} 31. Nxb8 {[%emt 0:0:25]
} Rxb8 {[%emt 0:0:2]} 32. b6 {[%emt 0:0:57]} Rb7 {[%emt 0:0:45]} 33. Rb5 {[%emt 0:1:23]
} Qa8 {[%emt 0:0:2]} 34. Rh1 {[%emt 0:0:38]} Qc8 {[%emt 0:0:0]} 35. Kg3 {[%emt 0:0:4]} Qd8 {[%emt 0:0:20]} 36. Rh4 {[%emt 0:1:6]} Rxb6 {[%emt 0:0:35]} 37. Rxf4 {[%emt 0:1:13]} e5 {[%emt 0:0:47]} 38. dxe6 {[%emt 0:0:23]
} Rxb5 {[%emt 0:0:16]} 39. Rxf7+ {[%emt 0:0:19]} Kg8 {[%emt 0:0:0]} 40. e7 {[%emt 0:0:9]} 1-0

[Event "FIDE World Rapid-ch Open 2018"]
[White "Postny, Evgeny"]
[Black "Akopian, Vladimir"]
[Site "St. Petersburg"]
[Round "14.26"]
[Annotator "ChessBase"]
[Result "1-0"]
[Date "2018.12.28"]
[WhiteElo "2615"]
[BlackElo "2650"]
[PlyCount "149"]
[TimeControl "900+10"]

1. d4 {[%emt 0:0:0]} Nf6 {[%emt 0:0:0]} 2. c4 {[%emt 0:0:0]} e6 {[%emt 0:0:0]} 3. Nf3 {[%emt 0:0:0]} c5 {[%emt 0:0:0]} 4. d5 exd5 {[%emt 0:0:5]} 5. cxd5 {[%emt 0:0:0]} d6 {[%emt 0:0:1]} 6. Nc3 {[%emt 0:0:2]} g6 {[%emt 0:0:4]
} 7. Bf4 {[%emt 0:0:2]} Bg7 {[%emt 0:0:5]} 8. Qa4+ {[%emt 0:0:0]} Bd7 {[%emt 0:0:3]} 9. Qb3 {[%emt 0:0:2]} Qc7 {[%emt 0:0:1]} 10. e4 {[%emt 0:0:17]} 0-0 {[%emt 0:0:26]} 11. Be2 a6 {[%emt 0:4:48]} 12. a4 {[%emt 0:0:19]
} Bg4 {[%emt 0:0:4]} 13. h3 {[%emt 0:0:37]} Bxf3 {[%emt 0:0:0]} 14. Bxf3 {[%emt 0:0:2]} Nfd7 {[%emt 0:1:59]} 15. 0-0 {[%emt 0:0:30]} Ne5 {[%emt 0:0:11]} 16. Be2 {[%emt 0:0:4]} Nbd7 {[%emt 0:0:17]} 17. Be3 {[%emt 0:0:38]
} c4 {[%emt 0:0:54]} 18. Qa2 {[%emt 0:1:55]} f5 {[%emt 0:0:45]
} 19. f4 {[%emt 0:0:21]} Nf7 {[%emt 0:4:10]} 20. exf5 {[%emt 0:0:17]} Rae8 {[%emt 0:0:26]
} 21. Bf2 {[%emt 0:1:22]} Nh6 {[%emt 0:0:53]} 22. fxg6 {[%emt 0:1:4]
} hxg6 {[%emt 0:0:2]} 23. Qxc4 {[%emt 0:0:57]} Qxc4 {[%emt 0:0:0]} 24. Bxc4 {[%emt 0:0:1]} Rxf4 {[%emt 0:0:4]} 25. Bd3 {[%emt 0:0:33]
} Ne5 {[%emt 0:0:13]} 26. Bg3 {[%emt 0:2:6]} Rb4 {[%emt 0:0:40]} 27. Rae1 {[%emt 0:3:16]
} Rf8 {[%emt 0:0:22]} 28. Rxf8+ {[%emt 0:0:38]} Kxf8 {[%emt 0:0:0]} 29. Bxg6 {[%emt 0:0:40]} Rxb2 {[%emt 0:0:20]} 30. Bh5 {[%emt 0:0:41]
} Kg8 {[%emt 0:0:22]} 31. Rf1 {[%emt 0:0:30]} Nc4 {[%emt 0:0:26]} 32. Nd1 {[%emt 0:0:35]
} Ra2 {[%emt 0:0:9]} 33. Bg6 {[%emt 0:0:38]} b5 {[%emt 0:0:0]} 34. axb5 {[%emt 0:0:2]} axb5 {[%emt 0:0:1]} 35. Nf2 {[%emt 0:0:33]} b4 {[%emt 0:1:32]} 36. Rc1 {[%emt 0:0:10]} Be5 {[%emt 0:0:4]} 37. Bh4 {[%emt 0:0:50]
} Ne3 {[%emt 0:0:32]} 38. Bg5 {[%emt 0:0:19]} Nhf5 {[%emt 0:0:0]} 39. g4 {[%emt 0:0:22]} Nd4 {[%emt 0:0:31]} 40. Rc8+ {[%emt 0:0:36]} Kg7 {[%emt 0:0:1]} 41. Bxe3 {[%emt 0:0:2]} Nf3+ {[%emt 0:0:17]} 42. Kg2 {[%emt 0:0:12]
} Nh4+ {[%emt 0:0:6]} 43. Kf1 {[%emt 0:0:1]} Kxg6 {[%emt 0:0:0]} 44. Rb8 {[%emt 0:0:22]} Ra3 {[%emt 0:0:14]} 45. Ke2 {[%emt 0:0:4]} b3 {[%emt 0:0:5]} 46. Nd3 {[%emt 0:0:8]} Ra2+ {[%emt 0:0:18]} 47. Kd1 {[%emt 0:0:5]
} Ra1+ {[%emt 0:0:12]} 48. Bc1 {[%emt 0:0:13]} Bd4 {[%emt 0:0:0]} 49. Rxb3 {[%emt 0:0:5]} Ng2 {[%emt 0:0:3]} 50. Ke2 {[%emt 0:0:9]} Ra2+ {[%emt 0:0:7]} 51. Kf3 {[%emt 0:0:7]} Nh4+ {[%emt 0:0:4]} 52. Ke4 {[%emt 0:0:1]
} Bf6 {[%emt 0:0:9]} 53. Nf4+ {[%emt 0:0:5]} Kf7 {[%emt 0:0:0]} 54. Rb7+ {[%emt 0:0:1]} Kg8 {[%emt 0:0:8]} 55. Rb8+ {[%emt 0:0:29]} Kf7 {[%emt 0:0:2]} 56. Rb7+ {[%emt 0:0:1]} Kg8 {[%emt 0:0:1]} 57. Nh5 {[%emt 0:0:24]
} Ra4+ {[%emt 0:0:9]} 58. Kd3 {[%emt 0:0:2]} Be5 {[%emt 0:0:0]} 59. g5 {[%emt 0:0:35]} Rd4+ {[%emt 0:0:17]} 60. Ke2 {[%emt 0:0:6]} Rxd5 {[%emt 0:0:22]} 61. Bf4 {[%emt 0:0:9]} Kf8 {[%emt 0:0:41]} 62. Nf6 {[%emt 0:0:35]
} Bxf6 {[%emt 0:0:12]} 63. gxf6 {[%emt 0:0:1]} Rf5 {[%emt 0:0:0]} 64. Bxd6+ {[%emt 0:0:17]} Kg8 {[%emt 0:0:2]} 65. Rg7+ {[%emt 0:0:0]} Kh8 {[%emt 0:0:1]} 66. Rg4 {[%emt 0:0:6]} Nf3 {[%emt 0:0:5]} 67. Rf4 {[%emt 0:0:19]} Rxf4 {[%emt 0:0:13]} 68. Bxf4 {[%emt 0:0:1]} Nh4 {[%emt 0:0:0]} 69. Ke3 {[%emt 0:0:15]} Kh7 {[%emt 0:0:10]} 70. Bg5 {[%emt 0:0:7]} Nf5+ {[%emt 0:0:11]} 71. Kf4 {[%emt 0:0:15]} Nd6 {[%emt 0:0:3]} 72. Ke5 {[%emt 0:0:10]
} Nf7+ {[%emt 0:0:12]} 73. Kf5 {[%emt 0:0:1]} Kg8 {[%emt 0:0:0]} 74. Bf4 {[%emt 0:0:12]} Nd8 {[%emt 0:0:28]} 75. Ke4 1-0

[Event "FIDE World Rapid-ch Open 2018"]
[White "Riazantsev, Alexander"]
[Black "Moiseenko, Vadim"]
[Site "St. Petersburg"]
[Round "14.27"]
[Annotator "ChessBase"]
[Result "1-0"]
[Date "2018.12.28"]
[WhiteElo "2649"]
[BlackElo "2501"]
[PlyCount "283"]
[TimeControl "900+10"]

1. d4 {[%emt 0:0:0]} d5 {[%emt 0:0:0]} 2. c4 {[%emt 0:0:0]} dxc4 {[%emt 0:0:0]
} 3. e3 {[%emt 0:0:0]} e5 {[%emt 0:0:0]} 4. Bxc4 {[%emt 0:0:0]} Nc6 {[%emt 0:0:1]} 5. Nf3 {[%emt 0:0:24]} e4 {[%emt 0:0:2]} 6. Nfd2 {[%emt 0:0:47]
} Qg5 {[%emt 0:0:2]} 7. Nxe4 {[%emt 0:0:7]} Qxg2 {[%emt 0:0:0]} 8. Ng3 {[%emt 0:0:1]} Qh3 {[%emt 0:0:2]} 9. Nc3 {[%emt 0:0:39]} Nf6 {[%emt 0:0:2]
} 10. e4 {[%emt 0:2:0]} Bg4 {[%emt 0:2:41]} 11. f3 {[%emt 0:0:0]} 0-0-0 {[%emt 0:2:1]} 12. Bf1 {[%emt 0:1:28]} Qh4 {[%emt 0:0:21]} 13. fxg4 {[%emt 0:2:45]} Nxd4 {[%emt 0:0:26]} 14. Be3 {[%emt 0:0:4]} Bc5 {[%emt 0:2:20]
} 15. Bxd4 {[%emt 0:0:2]} Rxd4 {[%emt 0:0:3]} 16. Qf3 {[%emt 0:0:1]
} Kb8 {[%emt 0:2:43]} 17. Bd3 {[%emt 0:0:15]} Nxg4 {[%emt 0:0:0]} 18. 0-0-0 {[%emt 0:0:1]} Rhd8 {[%emt 0:1:11]} 19. Bc2 {[%emt 0:2:21]} Nxh2 {[%emt 0:0:16]} 20. Qg2 {[%emt 0:1:38]} Qf4+ {[%emt 0:1:29]} 21. Kb1 {[%emt 0:0:2]
} Nf3 {[%emt 0:0:27]} 22. Rxd4 {[%emt 0:0:30]} Nxd4 {[%emt 0:0:0]} 23. Rd1 {[%emt 0:0:34]} Qe5 {[%emt 0:0:33]} 24. Nf5 {[%emt 0:0:49]} g6 {[%emt 0:0:2]} 25. Ne3 {[%emt 0:0:12]} c6 {[%emt 0:0:43]} 26. Nc4 {[%emt 0:0:17]
} Qe6 {[%emt 0:0:9]} 27. Qg5 {[%emt 0:0:29]} Be7 {[%emt 0:0:0]} 28. Qe5+ {[%emt 0:0:58]} Qxe5 {[%emt 0:0:8]} 29. Nxe5 {[%emt 0:0:1]} f6 {[%emt 0:0:22]} 30. Nf7 {[%emt 0:0:21]} Rd7 {[%emt 0:0:22]} 31. e5 {[%emt 0:0:33]
} Bc5 {[%emt 0:0:13]} 32. e6 {[%emt 0:0:57]} Re7 {[%emt 0:0:0]} 33. Ne4 {[%emt 0:0:51]} Nxe6 {[%emt 0:0:13]} 34. Bb3 {[%emt 0:0:0]} Bb6 {[%emt 0:0:9]} 35. Nxf6 {[%emt 0:0:19]} Rxf7 {[%emt 0:0:35]} 36. Nd7+ {[%emt 0:0:1]
} Rxd7 {[%emt 0:0:1]} 37. Rxd7 {[%emt 0:0:1]} Ng5 {[%emt 0:0:0]} 38. Bg8 {[%emt 0:0:0]} Kc8 {[%emt 0:0:1]} 39. Re7 {[%emt 0:0:6]} Bd8 {[%emt 0:0:1]} 40. Re5 {[%emt 0:0:24]} h5 {[%emt 0:0:24]} 41. Bc4 {[%emt 0:0:11]
} Bf6 {[%emt 0:0:9]} 42. Re8+ {[%emt 0:0:2]} Kd7 {[%emt 0:0:0]} 43. Rg8 {[%emt 0:0:1]} h4 {[%emt 0:0:11]} 44. Rxg6 {[%emt 0:0:1]} Be7 {[%emt 0:0:1]} 45. Rh6 {[%emt 0:0:8]} h3 {[%emt 0:0:29]} 46. Bf1 {[%emt 0:0:0]} Bd6 {[%emt 0:0:15]} 47. Bxh3+ {[%emt 0:0:4]} Nxh3 {[%emt 0:0:3]} 48. Rxh3 {[%emt 0:0:2]} Kc7 {[%emt 0:0:33]} 49. Rh7+ {[%emt 0:0:1]} Kb6 {[%emt 0:0:1]
} 50. Kc2 {[%emt 0:0:3]} a5 {[%emt 0:0:3]} 51. a4 {[%emt 0:0:0]} Be5 {[%emt 0:0:3]} 52. b3 {[%emt 0:0:4]} Ka6 {[%emt 0:0:16]} 53. Rh6 {[%emt 0:0:2]} Kb6 {[%emt 0:0:5]} 54. Kd3 {[%emt 0:0:2]} Bb2 {[%emt 0:0:9]
} 55. Rh7 {[%emt 0:0:5]} Ka6 {[%emt 0:0:3]} 56. Rh6 {[%emt 0:0:0]} Kb6 {[%emt 0:0:3]} 57. Kc4 {[%emt 0:0:7]} Be5 {[%emt 0:0:19]} 58. Rh5 {[%emt 0:0:3]} Bb2 {[%emt 0:0:4]} 59. Rh7 {[%emt 0:0:9]} Be5 {[%emt 0:0:2]
} 60. Kd3 {[%emt 0:0:2]} Ka6 {[%emt 0:0:6]} 61. Ke4 {[%emt 0:0:0]} Bc3 {[%emt 0:0:10]} 62. Rh3 {[%emt 0:0:46]} Bb2 {[%emt 0:0:5]} 63. Rh6 {[%emt 0:0:6]} Kb6 {[%emt 0:0:11]} 64. Rh5 {[%emt 0:0:2]} Ka6 {[%emt 0:0:4]
} 65. Kf5 {[%emt 0:0:18]} b5 {[%emt 0:0:24]} 66. Ke6 {[%emt 0:0:0]} bxa4 {[%emt 0:0:4]} 67. bxa4 {[%emt 0:0:0]} Kb6 {[%emt 0:0:3]} 68. Kd7 {[%emt 0:0:1]} Ba3 {[%emt 0:0:8]} 69. Rh6 {[%emt 0:0:19]} Kc5 {[%emt 0:0:1]
} 70. Kc7 {[%emt 0:0:1]} Kb4 {[%emt 0:0:53]} 71. Rh4+ {[%emt 0:0:10]
} Kc5 {[%emt 0:0:1]} 72. Rh3 {[%emt 0:0:48]} Kb4 {[%emt 0:0:0]} 73. Rh4+ {[%emt 0:0:5]} Kc5 {[%emt 0:0:1]} 74. Kb7 {[%emt 0:0:1]} Bb2 {[%emt 0:0:9]} 75. Rh2 {[%emt 0:0:13]} Ba3 {[%emt 0:0:30]} 76. Ka6 {[%emt 0:0:32]
} Bb4 {[%emt 0:0:3]} 77. Kb7 {[%emt 0:0:19]} Ba3 {[%emt 0:0:0]} 78. Ka6 {[%emt 0:0:1]} Bb4 {[%emt 0:0:0]} 79. Rc2+ {[%emt 0:0:1]} Kd5 {[%emt 0:0:2]} 80. Kb6 {[%emt 0:0:1]} c5 {[%emt 0:0:2]} 81. Kb5 {[%emt 0:0:1]
} Kd4 {[%emt 0:0:34]} 82. Rc4+ {[%emt 0:0:1]} Kd3 {[%emt 0:0:0]} 83. Rc1 {[%emt 0:0:17]} Kd4 {[%emt 0:0:3]} 84. Rc2 {[%emt 0:0:11]} Kd3 {[%emt 0:0:27]} 85. Rc4 {[%emt 0:0:1]} Ke3 {[%emt 0:0:12]} 86. Kc6 {[%emt 0:0:28]
} Kd3 {[%emt 0:0:3]} 87. Kd5 {[%emt 0:0:0]} Ba3 {[%emt 0:0:0]} 88. Rh4 {[%emt 0:0:5]} Kc3 {[%emt 0:0:6]} 89. Kc6 {[%emt 0:0:45]} Bb4 {[%emt 0:0:4]} 90. Kb5 {[%emt 0:0:1]} Kd3 {[%emt 0:0:4]} 91. Rh3+ {[%emt 0:0:4]
} Kd4 {[%emt 0:0:3]} 92. Rg3 {[%emt 0:0:8]} Kd5 {[%emt 0:0:0]} 93. Rd3+ {[%emt 0:0:2]} Ke5 {[%emt 0:0:7]} 94. Kc4 {[%emt 0:0:3]} Ke4 {[%emt 0:0:2]} 95. Rd5 {[%emt 0:0:6]} Ke3 {[%emt 0:0:11]} 96. Re5+ {[%emt 0:0:3]
} Kf4 {[%emt 0:0:28]} 97. Kd5 {[%emt 0:0:1]} Kf3 {[%emt 0:0:0]} 98. Re4 {[%emt 0:0:6]} Ba3 {[%emt 0:0:3]} 99. Rh4 {[%emt 0:0:35]} Bb4 {[%emt 0:0:4]} 100. Kc4 {[%emt 0:0:6]} Ke3 {[%emt 0:0:3]} 101. Rh8 {[%emt 0:0:27]
} Ke4 {[%emt 0:0:8]} 102. Re8+ {[%emt 0:0:4]} Kf4 {[%emt 0:0:0]} 103. Kd3 {[%emt 0:0:3]} Kf5 {[%emt 0:0:15]} 104. Re4 {[%emt 0:0:4]
} Ba3 {[%emt 0:0:6]} 105. Ke3 {[%emt 0:0:34]} Bb4 {[%emt 0:0:6]} 106. Kf3 {[%emt 0:0:1]} Ba3 {[%emt 0:0:13]} 107. Re8 {[%emt 0:0:37]} Bb4 {[%emt 0:0:0]} 108. Ke3 {[%emt 0:0:4]} Ba3 {[%emt 0:0:2]} 109. Rh8 {[%emt 0:0:17]
} Bc1+ {[%emt 0:0:20]} 110. Kf3 {[%emt 0:0:5]} Ke5 {[%emt 0:0:24]} 111. Ra8 {[%emt 0:0:21]} Bd2 {[%emt 0:0:7]} 112. Re8+ {[%emt 0:0:5]} Kf5 {[%emt 0:0:0]} 113. Rd8 {[%emt 0:0:3]} Bb4 {[%emt 0:0:7]} 114. Rd5+ {[%emt 0:0:0]} Ke6 {[%emt 0:0:15]} 115. Ke4 {[%emt 0:0:2]} c4 {[%emt 0:0:14]} 116. Rd8 {[%emt 0:0:13]} c3 {[%emt 0:0:3]} 117. Rc8 {[%emt 0:0:1]} Kd7 {[%emt 0:0:8]
} 118. Rc4 {[%emt 0:0:2]} Kd6 {[%emt 0:0:4]} 119. Kd4 {[%emt 0:0:2]
} Ke6 {[%emt 0:0:12]} 120. Rc6+ {[%emt 0:0:1]} Kf5 {[%emt 0:0:0]} 121. Kd5 {[%emt 0:0:33]} Kf4 {[%emt 0:0:9]} 122. Kd4 {[%emt 0:0:18]
} Kf5 {[%emt 0:0:2]} 123. Rc8 {[%emt 0:0:18]} Kf4 {[%emt 0:0:9]} 124. Rc4 {[%emt 0:0:19]} Kf5 {[%emt 0:0:9]} 125. Kd5 {[%emt 0:0:0]} Kf6 {[%emt 0:0:0]} 126. Rf4+ {[%emt 0:0:16]} Ke7 {[%emt 0:0:2]} 127. Rf2 {[%emt 0:0:0]} Ba3 {[%emt 0:0:16]} 128. Re2+ {[%emt 0:0:13]} Kd7 {[%emt 0:0:6]} 129. Rc2 {[%emt 0:0:10]} Bb4 {[%emt 0:0:4]} 130. Rh2 {[%emt 0:0:5]} Ke7 {[%emt 0:0:1]
} 131. Rh7+ {[%emt 0:0:4]} Kd8 132. Rh2 {[%emt 0:0:26]} Ke7 {[%emt 0:0:26]
} 133. Re2+ {[%emt 0:0:6]} Kd7 {[%emt 0:0:2]} 134. Rg2 {[%emt 0:0:11]
} Ke7 {[%emt 0:0:0]} 135. Kc6 {[%emt 0:0:1]} Kf6 {[%emt 0:0:0]} 136. Re2 {[%emt 0:0:1]} Kf5 {[%emt 0:0:9]} 137. Kd5 {[%emt 0:0:2]} Kf6 {[%emt 0:0:9]} 138. Kc4 {[%emt 0:0:7]} Kf5 {[%emt 0:0:6]} 139. Kd3 {[%emt 0:0:2]
} Kf6 {[%emt 0:1:8]} 140. Re4 {[%emt 0:0:2]} Bd6 {[%emt 0:0:0]} 141. Kxc3 {[%emt 0:0:3]} Be5+ {[%emt 0:0:9]} 142. Kc4 {[%emt 0:0:5]} 1-0

[Event "FIDE World Rapid-ch Open 2018"]
[White "Tari, Aryan"]
[Black "Shirov, Alexei"]
[Site "St. Petersburg"]
[Round "14.28"]
[Annotator "ChessBase"]
[Result "0-1"]
[Date "2018.12.28"]
[WhiteElo "2620"]
[BlackElo "2643"]
[PlyCount "80"]
[TimeControl "900+10"]

1. e4 {[%emt 0:0:0]} e5 {[%emt 0:0:0]} 2. Nf3 {[%emt 0:0:0]} Nf6 {[%emt 0:0:0]
} 3. Nxe5 {[%emt 0:0:2]} d6 {[%emt 0:0:0]} 4. Nf3 {[%emt 0:0:0]} Nxe4 {[%emt 0:0:0]} 5. d4 {[%emt 0:0:2]} d5 {[%emt 0:0:0]} 6. Bd3 {[%emt 0:0:2]} Bd6 {[%emt 0:0:1]} 7. 0-0 {[%emt 0:0:4]} 0-0 {[%emt 0:0:0]} 8. c4 {[%emt 0:0:2]} c6 {[%emt 0:0:1]} 9. Nc3 {[%emt 0:0:5]} Nxc3 {[%emt 0:0:58]
} 10. bxc3 {[%emt 0:0:1]} dxc4 {[%emt 0:0:2]} 11. Bxc4 {[%emt 0:0:1]
} Bf5 {[%emt 0:0:1]} 12. Bg5 {[%emt 0:0:46]} Qc7 {[%emt 0:0:0]} 13. Re1 {[%emt 0:2:8]} h6 {[%emt 0:0:31]} 14. Bh4 {[%emt 0:0:4]} Nd7 {[%emt 0:0:8]} 15. Be7 {[%emt 0:0:17]} Bxe7 {[%emt 0:2:37]} 16. Rxe7 {[%emt 0:0:2]
} Qd6 {[%emt 0:0:3]} 17. Qe2 {[%emt 0:0:39]} b5 {[%emt 0:0:0]} 18. Bb3 {[%emt 0:1:54]} a5 {[%emt 0:4:35]} 19. Nh4 {[%emt 0:3:12]} Bh7 {[%emt 0:0:7]} 20. Re1 {[%emt 0:0:19]} Nf6 {[%emt 0:0:18]} 21. Bc2 {[%emt 0:1:46]
} Bxc2 {[%emt 0:0:4]} 22. Qxc2 {[%emt 0:0:1]} Nd5 {[%emt 0:0:0]} 23. R7e5 {[%emt 0:0:17]} Qa3 {[%emt 0:0:47]} 24. Nf5 {[%emt 0:0:41]} Qxc3 {[%emt 0:0:16]} 25. Qd1 {[%emt 0:0:15]} Kh7 {[%emt 0:3:13]} 26. h3 {[%emt 0:1:18]
} g6 {[%emt 0:0:8]} 27. Nd6 {[%emt 0:1:50]} b4 {[%emt 0:1:56]
} 28. Qg4 {[%emt 0:0:41]} a4 {[%emt 0:0:26]} 29. Kh2 {[%emt 0:1:26]} b3 {[%emt 0:0:29]
} 30. Ne4 {[%emt 0:0:7]} Qxe1 {[%emt 0:1:1]} 31. Ng5+ {[%emt 0:0:1]
} hxg5 {[%emt 0:0:3]} 32. Rxe1 {[%emt 0:0:1]} b2 {[%emt 0:0:0]} 33. Qxg5 {[%emt 0:0:10]} Rab8 {[%emt 0:0:2]} 34. h4 {[%emt 0:0:10]} b1=Q {[%emt 0:0:25]} 35. Rxb1 {[%emt 0:0:1]} Rxb1 {[%emt 0:0:2]} 36. h5 {[%emt 0:0:1]
} Rb2 {[%emt 0:0:5]} 37. Qh4 {[%emt 0:0:13]} Kg7 {[%emt 0:0:0]} 38. h6+ {[%emt 0:0:16]} Kh7 {[%emt 0:0:3]} 39. a3 {[%emt 0:0:25]} Re8 {[%emt 0:0:11]} 40. Qg5 {[%emt 0:0:16]} Rxf2 {[%emt 0:0:6]} 0-1

[Event "FIDE World Rapid-ch Open 2018"]
[White "Grachev, Boris"]
[Black "Levin, Evgeny A."]
[Site "St. Petersburg"]
[Round "14.29"]
[Annotator "ChessBase"]
[Result "1/2-1/2"]
[Date "2018.12.28"]
[WhiteElo "2626"]
[BlackElo "2516"]
[PlyCount "62"]
[TimeControl "900+10"]

1. Nf3 {[%emt 0:0:0]} Nf6 {[%emt 0:0:0]} 2. d4 {[%emt 0:0:0]} e6 {[%emt 0:0:0]
} 3. c4 {[%emt 0:0:1]} b6 {[%emt 0:0:0]} 4. Bf4 {[%emt 0:0:0]} Bb7 {[%emt 0:0:7]} 5. e3 {[%emt 0:0:5]} g6 {[%emt 0:1:7]} 6. Nc3 {[%emt 0:0:17]
} Bg7 {[%emt 0:0:10]} 7. h3 {[%emt 0:0:37]} d6 {[%emt 0:0:6]} 8. Bd3 {[%emt 0:0:11]} Nbd7 {[%emt 0:0:3]} 9. 0-0 {[%emt 0:1:5]} 0-0 {[%emt 0:0:15]
} 10. e4 {[%emt 0:0:7]} e5 {[%emt 0:0:52]} 11. Bg5 {[%emt 0:0:0]} h6 {[%emt 0:1:40]} 12. Bh4 {[%emt 0:0:11]} g5 {[%emt 0:3:49]} 13. Bg3 {[%emt 0:0:2]} Nh5 {[%emt 0:0:18]} 14. d5 {[%emt 0:0:6]} Nf4 {[%emt 0:0:0]} 15. Bc2 {[%emt 0:0:8]} Nf6 {[%emt 0:0:18]} 16. Nh2 {[%emt 0:1:35]} Bc8 {[%emt 0:0:57]} 17. Ng4 {[%emt 0:1:11]} Nxg4 {[%emt 0:0:18]} 18. hxg4 {[%emt 0:0:2]
} h5 {[%emt 0:0:28]} 19. f3 {[%emt 0:1:49]} hxg4 {[%emt 0:0:0]} 20. fxg4 {[%emt 0:0:17]} Qd7 {[%emt 0:0:21]} 21. Bf2 {[%emt 0:1:31]} Qxg4 {[%emt 0:0:19]} 22. Qxg4 {[%emt 0:0:3]} Bxg4 {[%emt 0:0:2]} 23. Bd1 {[%emt 0:0:15]
} Bd7 {[%emt 0:0:47]} 24. Be3 {[%emt 0:0:3]} f5 {[%emt 0:0:0]} 25. Bc2 {[%emt 0:0:43]} fxe4 {[%emt 0:0:8]} 26. Bxe4 {[%emt 0:0:8]} Bh6 {[%emt 0:1:49]} 27. g3 {[%emt 0:0:26]} Nh5 {[%emt 0:0:21]} 28. Kg2 {[%emt 0:0:29]
} Kg7 {[%emt 0:0:29]} 29. Bc2 {[%emt 0:3:29]} Nf6 {[%emt 0:0:0]} 30. Ne4 {[%emt 0:0:5]} Nxe4 {[%emt 0:0:20]} 31. Bxe4 {[%emt 0:0:1]} Rxf1 {[%emt 0:0:48]} 1/2-1/2

[Event "FIDE World Rapid-ch Open 2018"]
[White "Timofeev, Artyom"]
[Black "Goganov, Aleksey"]
[Site "St. Petersburg"]
[Round "14.30"]
[Annotator "ChessBase"]
[Result "0-1"]
[Date "2018.12.28"]
[WhiteElo "2589"]
[BlackElo "2612"]
[PlyCount "170"]
[TimeControl "900+10"]

1. c4 {[%emt 0:0:0]} c6 {[%emt 0:0:0]} 2. Nf3 {[%emt 0:0:17]} d5 {[%emt 0:0:0]} 3. e3 {[%emt 0:0:2]} Nf6 {[%emt 0:0:0]} 4. Nc3 {[%emt 0:0:2]} e6 {[%emt 0:0:2]} 5. b3 {[%emt 0:0:22]} Bd6 {[%emt 0:0:5]} 6. Bb2 {[%emt 0:0:0]} 0-0 {[%emt 0:0:4]} 7. d4 {[%emt 0:0:36]} Nbd7 {[%emt 0:0:29]} 8. Be2 {[%emt 0:0:6]} b6 {[%emt 0:0:19]} 9. 0-0 {[%emt 0:0:16]} Bb7 {[%emt 0:0:0]} 10. Qc2 {[%emt 0:0:18]} Qe7 {[%emt 0:0:6]} 11. cxd5 {[%emt 0:0:30]} exd5 {[%emt 0:0:8]} 12. Bd3 {[%emt 0:0:46]} Rfe8 {[%emt 0:1:14]} 13. Ne2 {[%emt 0:0:46]
} Ne4 {[%emt 0:1:5]} 14. Ng3 {[%emt 0:0:36]} g6 {[%emt 0:0:0]} 15. Rfe1 {[%emt 0:0:38]} f5 {[%emt 0:3:29]} 16. Nf1 {[%emt 0:0:12]} Rf8 {[%emt 0:0:9]} 17. N3d2 {[%emt 0:0:23]} Rae8 {[%emt 0:0:28]} 18. f3 {[%emt 0:0:10]
} Ng5 {[%emt 0:2:46]} 19. Re2 {[%emt 0:0:16]} Nf6 {[%emt 0:0:0]} 20. Rae1 {[%emt 0:0:5]} Qd7 {[%emt 0:0:42]} 21. Bc3 {[%emt 0:1:34]} Nge4 {[%emt 0:0:55]} 22. Bb2 {[%emt 0:0:9]} Nxd2 {[%emt 0:0:6]} 23. Qxd2 {[%emt 0:0:13]
} Re7 {[%emt 0:0:22]} 24. b4 {[%emt 0:0:10]} b5 {[%emt 0:0:5]
} 25. Qc3 {[%emt 0:0:9]} Rff7 {[%emt 0:1:9]} 26. Bc2 {[%emt 0:0:31]} Re8 {[%emt 0:0:3]
} 27. a4 {[%emt 0:0:17]} Bf8 {[%emt 0:0:11]} 28. Qb3 {[%emt 0:0:0]} Bg7 {[%emt 0:0:42]} 29. Bc3 {[%emt 0:0:29]} Kh8 {[%emt 0:0:1]} 30. Qb1 {[%emt 0:0:10]} bxa4 {[%emt 0:0:13]} 31. Bd3 {[%emt 0:0:2]} Qc8 {[%emt 0:0:23]
} 32. Ra2 {[%emt 0:0:6]} Ba6 {[%emt 0:0:23]} 33. Bxa6 {[%emt 0:0:2]
} Qxa6 {[%emt 0:0:1]} 34. Qc2 {[%emt 0:0:2]} Nd7 {[%emt 0:0:0]} 35. Rxa4 {[%emt 0:0:8]} Qb7 {[%emt 0:0:2]} 36. Ra2 {[%emt 0:1:14]} Nb6 {[%emt 0:0:1]} 37. Qd3 {[%emt 0:0:19]} Rfe7 {[%emt 0:0:5]} 38. Rae2 {[%emt 0:0:3]
} Nc8 {[%emt 0:0:9]} 39. Nd2 {[%emt 0:0:21]} Nd6 {[%emt 0:0:0]} 40. Nb3 {[%emt 0:1:54]} Qb5 {[%emt 0:0:5]} 41. Qxb5 {[%emt 0:0:5]} cxb5 {[%emt 0:0:31]} 42. Kf2 {[%emt 0:0:44]} Nc4 {[%emt 0:0:1]} 43. Nc5 {[%emt 0:0:20]
} Kg8 {[%emt 0:0:3]} 44. Nd3 {[%emt 0:0:32]} Bf6 {[%emt 0:0:0]} 45. Nf4 {[%emt 0:0:13]} Rd7 {[%emt 0:0:11]} 46. Ra2 {[%emt 0:0:18]} Bg5 {[%emt 0:0:16]} 47. Ra6 {[%emt 0:0:29]} Bxf4 {[%emt 0:0:23]} 48. exf4 {[%emt 0:0:2]
} Rxe1 {[%emt 0:0:5]} 49. Bxe1 {[%emt 0:0:9]} Rc7 {[%emt 0:0:0]} 50. g4 {[%emt 0:0:12]} fxg4 {[%emt 0:0:29]} 51. fxg4 {[%emt 0:0:2]} Re7 {[%emt 0:0:5]} 52. f5 {[%emt 0:0:45]} gxf5 {[%emt 0:0:2]} 53. gxf5 {[%emt 0:0:1]
} Rf7 {[%emt 0:0:1]} 54. f6 {[%emt 0:0:11]} Nb6 {[%emt 0:0:0]} 55. Ke2 {[%emt 0:0:10]} Rxf6 {[%emt 0:0:6]} 56. Bg3 {[%emt 0:1:7]} Rf7 {[%emt 0:0:2]} 57. Bb8 {[%emt 0:0:8]} Nc4 {[%emt 0:1:4]} 58. Bxa7 {[%emt 0:0:5]
} Rf4 {[%emt 0:0:19]} 59. Rh6 {[%emt 0:0:36]} Re4+ {[%emt 0:0:0]} 60. Kf2 {[%emt 0:0:27]} Nb2 {[%emt 0:0:10]} 61. Rh3 {[%emt 0:1:12]} Nd1+ {[%emt 0:0:7]} 62. Kg1 {[%emt 0:0:46]} Kg7 {[%emt 0:0:26]} 63. Bc5 {[%emt 0:0:20]
} Kg6 {[%emt 0:0:8]} 64. Ra3 {[%emt 0:0:38]} Kf5 {[%emt 0:0:0]} 65. Rh3 {[%emt 0:0:3]} Kg4 {[%emt 0:0:42]} 66. Rxh7 {[%emt 0:0:20]} Re1+ {[%emt 0:0:1]} 67. Kg2 {[%emt 0:0:1]} Re2+ {[%emt 0:0:1]} 68. Kf1 {[%emt 0:0:5]
} Rb2 {[%emt 0:0:9]} 69. Rg7+ {[%emt 0:0:37]} Kf3 {[%emt 0:0:0]} 70. Rf7+ {[%emt 0:0:1]} Ke4 {[%emt 0:0:7]} 71. Re7+ {[%emt 0:0:18]} Kd3 {[%emt 0:0:14]} 72. h4 {[%emt 0:0:7]} Ne3+ {[%emt 0:0:2]} 73. Kg1 {[%emt 0:0:1]
} Rg2+ {[%emt 0:0:5]} 74. Kh1 {[%emt 0:0:1]} Rg4 {[%emt 0:0:0]} 75. Rh7 {[%emt 0:0:6]} Ke2 {[%emt 0:0:30]} 76. h5 {[%emt 0:0:9]} Nf5 {[%emt 0:0:30]} 77. Rf7 {[%emt 0:0:32]} Rh4+ {[%emt 0:0:11]} 78. Kg2 {[%emt 0:0:20]
} Rxh5 {[%emt 0:0:2]} 79. Rd7 {[%emt 0:0:14]} Rg5+ {[%emt 0:0:0]} 80. Kh2 {[%emt 0:0:9]} Kf2 {[%emt 0:0:11]} 81. Rh7 {[%emt 0:0:1]} Rg4 {[%emt 0:0:24]} 82. Kh3 {[%emt 0:0:3]} Rg3+ {[%emt 0:0:4]} 83. Kh2 {[%emt 0:0:1]
} Rf3 {[%emt 0:0:7]} 84. Rh5 {[%emt 0:0:36]} Ne3 {[%emt 0:0:0]} 85. Be7 {[%emt 0:0:9]} Nf1+ {[%emt 0:0:5]} 0-1